Las sonatas de Valle-Inclán
Guardat en:
| Autor principal: | |
|---|---|
| Format: | Llibre |
| Idioma: | espanyol |
| Publicat: |
Madrid
Gredos
1955
|
| Col·lecció: | Biblioteca Románica Hispánica. Estudios y Ensayos, 20
|
| Matèries: | |
| Etiquetes: |
Afegir etiqueta
Sense etiquetes, Sigues el primer a etiquetar aquest registre!
|
MARC
| LEADER | 00000nam a2200000 a 4500 | ||
|---|---|---|---|
| 001 | UCX4915 | ||
| 003 | CL-VaPUC | ||
| 008 | 920812e19550000SP |||||||||||||||||spa|d | ||
| 082 | 0 | 4 | |a 861.09 |b ZAM |2 21 |
| 100 | 0 | |a Zamora Vicente, Alonso |e author |9 321208 | |
| 245 | 1 | 4 | |a Las sonatas de Valle-Inclán |
| 300 | |a 194 p | ||
| 942 | |c BK | ||
| 945 | |d 19920812 00:00:00 | ||
| 260 | |a Madrid |b Gredos |c 1955 | ||
| 600 | 0 | 7 | |a VALLE INCLAN, RAMON DEL |2 CL-VaPUC |9 315482 |
| 650 | 0 | |a Crítica e interpretación |9 255042 | |
| 583 | |a last modification |c 19920812 00:00:00 |k Rodrigo Vera | ||
| 490 | 0 | |a Biblioteca Románica Hispánica. Estudios y Ensayos, 20 | |
| 999 | |c 225287 |d 225285 | ||
| 952 | |0 0 |1 0 |4 0 |6 861_090000000000000_ZAM_1955 |7 0 |8 A |9 222678 |a BIBEDU |b BIBEDU |d 2019-11-15 |i 2914697 |o 861.09 ZAM 1955 |p 2914697 |r 2019-11-15 |w 2019-11-15 |y BK |k LIT | ||
| 952 | |0 0 |1 0 |4 0 |6 861_090000000000000_ZAM_1955 |7 0 |8 A |9 222679 |a BIBEDU |b BIBEDU |d 2019-11-15 |i 3258599 |o 861.09 ZAM 1955 |p 3258599 |r 2019-11-15 |w 2019-11-15 |y BK |k LIT | ||